Top 50 Highest Rated Manga on MyAnimeList - Statistics

General Stats
  • This quiz has been taken 136 times
  • The average score is 14 of 50
Answer Stats
# Year Answer % Correct
4 1997 One Piece
90%
1 1989 Berserk
81%
7 2001 Fullmetal Alchemist
64%
35 2003 Death Note
63%
3 1998 Vagabond
63%
5 1994 Monster
61%
31 1998 Hunter x Hunter
60%
6 1990 Slam Dunk
55%
8 2005 Vinland Saga
55%
29 2018 Chainsaw Man
53%
10 2007 Oyasumi Punpun
52%
21 2012 Haikyuu!!
46%
2 2004 JoJo no Kimyou na Bouken Part 7: Steel Ball Run
44%
11 2006 Kingdom
41%
13 1999 20th Century Boys
37%
30 2012 One Punch-Man
35%
16 1999 Real
35%
42 1982 Akira
34%
34 1989 Hajime no Ippo
32%
17 1996 GTO
30%
26 2000 Nana
27%
20 2013 Koe no Katachi
24%
15 2015 Kaguya-sama wa Kokurasetai: Tensai-tachi no Renai Zunousen
22%
28 2012 Made in Abyss
22%
9 2014 Grand Blue
21%
43 2000 Dorohedoro
20%
14 1968 Ashita no Joe
19%
12 2012 Houseki no Kuni
17%
40 2007 Kokou no Hito
17%
32 1999 Mushishi
14%
33 2022 Sayonara Eri
12%
18 2007 3-gatsu no Lion
11%
39 2000 Beck
10%
49 2014 Golden Kamuy
10%
36 2023 JoJo no Kimyou na Bouken Part 9: The JoJoLansa
9%
19 2003 Yotsuba to!
9%
27 2007 Uchuu Kyodai
8%
48 2017 Blue Period
7%
22 2009 Akatsuki no Yona
6%
24 1982 Kaze no Tani no Nausicaä
6%
46 1970 Kozure Ookami
6%
37 2014 Shoujo Shuumatsu Ryokou
6%
50 2002 Aria
4%
47 2013 ReLIFE
4%
41 1994 Yokohama Kaidashi Kikou
4%
25 2016 Jumyou wo Kaitotte Moratta. Ichinen ni Tsuki, Ichimanen de.
3%
38 2012 Kono Oto Tomare!
3%
23 2012 Umineko no Naku Koro ni Chiru - Episode 8: Twilight of the Golden Witch
3%
44 2003 Natsume Yuujinchou
1%
45 2015 Yagate Kimi ni Naru
1%
No matching quizzes found
Score Distribution
Percent of People with Each Score
Percentile by Number Answered
Your Score History
You have not taken this quiz